000 00561nam a2200205Ia 4500
005 20250508152931.0
008 008 250505s9999 xx 000 0 eng d
037 _aTextual
040 _aFEDL
_beng
_cFEDL
041 _aeng
_2eng
084 _a330.1, SAC
_qFEDL
100 _aSachdeva T. N.
_9346400
245 0 _aAdvanced economic theory : Full view at a Glance
250 _a2
260 _aNew Delhi, India
_bSudha Publications
300 _aix,256p
650 _aEconomics
942 _cTEXL
_h330.1, SAC
999 _c1339675
_d1339675